Star Wars Characters- Sudden Death - Statistics

General Stats
  • This quiz has been taken 463 times
  • The average score is 15 of 18
Answers on the Grid
Answers color-coded by a green-red scale on the quiz's grid according to % correct below.
Anakin Skywalker
Kastor Dren
Heneros Jaxine
Sheev Palpatine
Mace Windu
Katlora Sunrider
Wicket
Ahsoka Tano
Darth Maul
E'tharnok
Zeth-3B
R2-D2
Admiral Ackbar
Darth Jarnak
Lando Calrissian
Vulfisk
8-9DJ
Qui-Gon Jinn
C3-PO
General Grievous
Luke Skywalker
Hanneth Darr
Ben Kenobi
Count Dooku
Boba Fett
Ellai Taan
Kloissia
Mayan Tahl
Beru
Bail Organa
 
Answer Stats
Answer % Correct
Anakin Skywalker
99%
Darth Maul
93%
Luke Skywalker
92%
Boba Fett
91%
R2-D2
91%
Mace Windu
90%
C3-PO
89%
Ben Kenobi
88%
Qui-Gon Jinn
88%
Ahsoka Tano
87%
Count Dooku
87%
Lando Calrissian
86%
Sheev Palpatine
86%
General Grievous
85%
Admiral Ackbar
84%
Bail Organa
82%
Wicket
70%
Beru
63%
No matching quizzes found
Score Distribution
Percent of People with Each Score
Percentile by Number Answered
Your Score History
You have not taken this quiz